Presupuesto ordinario y especial de urbanismo, 1970 / (Record no. 27861)

MARC details
000 -LEADER
campo de control de longitud fija 00579nam a2200181 i 4500
001 - NÚMERO DE CONTROL
campo de control 27861
003 - IDENTIFICADOR DE NÚMERO DE CONTROL
campo de control ES-MaACL
005 - FECHA Y HORA DE LA ÚLTIMA TRANSACCIÓN
campo de control 20230906153723.0
007 - CAMPO FIJO DE DESCRIPCIÓN FÍSICA--INFORMACIÓN GENERAL
campo de control de longitud fija t|
008 - DATOS DE LONGITUD FIJA--INFORMACIÓN GENERAL
campo de control de longitud fija 030115s1970 sp ||||1| spa d
080 ## - NÚMERO DE LA CLASIFICACIÓN DECIMAL UNIVERSAL
Número de la Clasificación Decimal Universal 352:336.12(460.358)
110 1# - ENTRADA PRINCIPAL--NOMBRE DE ENTIDAD CORPORATIVA
Nombre de entidad corporativa o nombre de jurisdicción como elemento de entrada Almería.
Unidad subordinada Ayuntamiento.
9 (RLIN) 1338
245 10 - MENCIÓN DEL TÍTULO
Título Presupuesto ordinario y especial de urbanismo, 1970 /
Mención de responsabilidad, etc. Ayuntamiento de Almería.
260 ## - PUBLICACIÓN, DISTRIBUCIÓN, ETC.
Lugar de publicación, distribución, etc. Almería :
Nombre del editor, distribuidor, etc. [Ayuntamiento de Almería,
Fecha de publicación, distribución, etc. 1970] (
Fabricante Imp. Emilio Orihuela)
300 ## - DESCRIPCIÓN FÍSICA
Extensión 161 p. ;
Dimensiones 24 cm.
650 #4 - PUNTO DE ACCESO ADICIONAL DE MATERIA--TÉRMINO DE MATERIA
Término de materia o nombre geográfico como elemento de entrada Presupuestos-
Subdivisión geográfica Almería.
9 (RLIN) 174535
852 4# - LOCALIZACIÓN
Ubicación ES-MaACL
Número de control de estantería C-41335
Holdings
Estatus retirado Estado de pérdida Estado de daño No para préstamo Biblioteca de origen Biblioteca actual Ubicación en estantería Fecha de adquisición Fuente de adquisición Total de préstamos Signatura topográfica completa Código de barras Visto por última vez Precio de reemplazo Tipo de ítem Koha
        Biblioteca del Ateneo de Madrid Biblioteca del Ateneo de Madrid Depósito 2 17/01/2008     C-41335 1028767 23/02/2023 23/02/2023 Libro impreso